000 00731nam a22002297a 4500
005 20010101063335.0
008 010101b xxu||||| |||| 00| 0 eng d
020 _a9781903436332
_c933
040 _aLoreto College
041 _aEnglish
082 _a822.33/ID
_bR-II-FOR
100 _aShakespeare, William
_d1564-1616
245 _aKing Richard II
_cWilliam Shakespeare. Edited by Charles R. Forker
260 _aLondon
_bArden Shakespeare
_c2002
300 _axviii,593p
_b23 cm
440 _aThe Arden Shakespeare
504 _aIncludes bibliographical references and index
650 _aDrama in English
_xLiterature in English
_yElizabethan period
700 _4ed.
_aForker,Charles R.
850 _aLCLIB
942 _cBK
999 _c39970
_d90449